Sąsiedzi sąsiadów Norwegii - Statystyki

Ogólne statystyki
  • Ten quiz został rozwiązany 21 razy
  • Średni wynik to 12 z 12
Statystyki odpowiedzi
Państwo % Poprawnych
Białoruś
100%
Estonia
100%
Kazachstan
100%
Litwa
100%
Łotwa
100%
Polska
100%
Ukraina
100%
Chiny
95%
Mongolia
95%
Gruzja
90%
Korea Północna
90%
Azerbejdżan
86%
Nie znaleziono quizów pasujących do podanych kryteriów
Rozkład punktacji
Procent ludzi z każdym wynikiem
Percentyl według liczby udzielonych odpowiedzi
Twoja historia wyników
Nie rozwiązałeś tego quizu